[Event "Guatemala Caissa op 2nd"]
[Site "Guatemala City"]
[Date "2020.01.09"]
[Round "3"]
[White "Cuenca Jimenez, Jose Fernando"]
[Black "Romero Holmes, Alfonso"]
[Result "1-0"]
[WhiteElo "2538"]
[BlackElo "2415"]
[PlyCount "79"]
[EventDate "2020.01.08"]
[EventType "swiss"]
[EventRounds "9"]
[EventCountry "GUA"]
[SourceTitle "CBM 194 Extra"]
[Source "ChessBase"]
[SourceDate "2020.03.31"]
[SourceVersion "1"]
[SourceVersionDate "2020.03.31"]
[SourceQuality "1"]

1. e4 c5 2. Nf3 d6 3. Bb5+ Bd7 4. Bxd7+ Qxd7 5. c4 Nc6 6. Nc3 g6 7. d4 cxd4 8. Nxd4 Bg7 9. Be3 Nf6 10. f3 0-0 11. 0-0 Rfc8 12. Nde2 Qd8 13. Qd2 Qa5 14. b3 a6 15. a4 Nd7 16. Rab1 Qd8 17. Rfd1 a5 18. Nd5 Ra6 19. Bg5 Qf8 20. Kh1 h6 21. Bh4 Nc5 22. Qe3 Nd7 23. f4 e6 24. Ndc3 Nf6 25. Nb5 Nb4 26. Nec3 Ne8 27. Rd2 Bf6 28. Bxf6 Nxf6 29. e5 dxe5 30. fxe5 Ng4 31. Qe4 h5 32. h3 Nh6 33. Qxb7 Nf5 34. Rbd1 h4 35. Ne4 Kg7 36. Ned6 Rb8 37. Qd7 Ng3+ 38. Kh2 Nc6 39. Nc7 Nxe5 40. Nxe6+ 1-0

[Event "Sanxenxo Carlos op 11th"]
[Site "Sanxenxo"]
[Date "2019.06.30"]
[Round "9"]
[White "Romero Holmes, Alfonso"]
[Black "Lorenzo Duran, Marcos"]
[Result "1-0"]
[WhiteElo "2429"]
[BlackElo "2161"]
[PlyCount "87"]
[EventDate "2019.06.22"]
[EventType "swiss"]
[EventRounds "9"]
[EventCountry "ESP"]
[SourceTitle "CBM 191 Extra"]
[Source "ChessBase"]
[SourceDate "2019.09.30"]
[SourceVersion "1"]
[SourceVersionDate "2019.09.30"]
[SourceQuality "1"]

1. e4 e5 2. Nf3 Nc6 3. Nc3 Nf6 4. g3 d5 5. exd5 Nxd5 6. Bg2 Nxc3 7. bxc3 Bc5 8. 0-0 0-0 9. Re1 Qf6 10. Rb1 Bb6 11. d3 Bg4 12. h3 Bh5 13. g4 Bg6 14. Bg5 Qd6 15. Nh4 Rae8 16. Be3 Qd8 17. Nxg6 hxg6 18. c4 Qh4 19. c5 Ba5 20. Rf1 Nd8 21. Qc1 b6 22. Rb5 f6 23. cxb6 Bxb6 24. c4 c6 25. Rb3 Ne6 26. c5 Bc7 27. Qc4 Kh7 28. Rb7 Re7 29. Qe4 Rfe8 30. Rxa7 Nf4 31. Bxf4 exf4 32. Qxc6 f3 33. Rxc7 fxg2 34. Kxg2 Re3 35. Rh1 Re2 36. Qf3 Rxa2 37. Rd7 Ree2 38. Rf1 Qg5 39. Qb7 Qh6 40. Re7 Reb2 41. Qf3 Qg5 42. d4 Qd2 43. Qxf6 Qh6 44. g5 1-0

[Event "Sanxenxo Carlos op 11th"]
[Site "Sanxenxo"]
[Date "2019.06.27"]
[Round "6"]
[White "Represa Perez, Mireya"]
[Black "Romero Holmes, Alfonso"]
[Result "1-0"]
[WhiteElo "2017"]
[BlackElo "2429"]
[PlyCount "61"]
[EventDate "2019.06.22"]
[EventType "swiss"]
[EventRounds "9"]
[EventCountry "ESP"]
[SourceTitle "CBM 191 Extra"]
[Source "ChessBase"]
[SourceDate "2019.09.30"]
[SourceVersion "1"]
[SourceVersionDate "2019.09.30"]
[SourceQuality "1"]

1. e4 c5 2. Nf3 d6 3. d4 Nf6 4. Nc3 cxd4 5. Qxd4 Bd7 6. Bg5 Nc6 7. Qd2 Rc8 8. Be2 h6 9. Bh4 g5 10. Bg3 Nh5 11. Nd5 Bg7 12. c3 Nf6 13. Bd3 g4 14. Nh4 e6 15. Ne3 Ne5 16. Bxe5 dxe5 17. Qe2 h5 18. h3 Nxe4 19. Bxe4 Qxh4 20. 0-0-0 Qe7 21. hxg4 b5 22. Kb1 h4 23. Rd2 Rc7 24. Rhd1 0-0 25. g5 Bc6 26. Bxc6 Rxc6 27. Qh5 b4 28. Rd7 Qe8 29. cxb4 Rb6 30. Ng4 Qa8 31. f3 1-0

[Event "Sanxenxo Carlos op 11th"]
[Site "Sanxenxo"]
[Date "2019.06.23"]
[Round "2"]
[White "Gonzalez Davila, Miguel"]
[Black "Romero Holmes, Alfonso"]
[Result "1-0"]
[WhiteElo "2003"]
[BlackElo "2429"]
[PlyCount "107"]
[EventDate "2019.06.22"]
[EventType "swiss"]
[EventRounds "9"]
[EventCountry "ESP"]
[SourceTitle "CBM 191 Extra"]
[Source "ChessBase"]
[SourceDate "2019.09.30"]
[SourceVersion "1"]
[SourceVersionDate "2019.09.30"]
[SourceQuality "1"]

1. e4 c5 2. Nf3 d6 3. d4 cxd4 4. Nxd4 Nf6 5. Nc3 g6 6. Bb5+ Nbd7 7. Be3 a6 8. Be2 Bg7 9. 0-0 b6 10. Qd2 Bb7 11. f3 0-0 12. Bh6 Rc8 13. Bxg7 Kxg7 14. Bd3 b5 15. Kh1 Nc5 16. Nd1 Qb6 17. Ne2 b4 18. Ne3 a5 19. Ng3 Kh8 20. Nc4 Qc7 21. b3 Nxd3 22. cxd3 d5 23. exd5 Nxd5 24. Rfe1 f6 25. Ne4 Ba6 26. Rad1 Rfd8 27. g3 Bxc4 28. bxc4 Nb6 29. Qb2 Qc6 30. Kg2 Rd7 31. Qb3 Rcd8 32. Nf2 Rb7 33. Re4 Na4 34. Re3 Nc3 35. Rde1 e5 36. Ne4 a4 37. Qb2 Nxe4 38. fxe4 b3 39. axb3 Rxb3 40. Qe2 a3 41. Kh3 Qd7+ 42. Qg4 Qxg4+ 43. Kxg4 Rdxd3 44. Rxd3 Rxd3 45. Rc1 h5+ 46. Kh3 Kg7 47. c5 g5 48. c6 Rd2 49. g4 hxg4+ 50. Kxg4 a2 51. c7 Rc2 52. Rxc2 a1Q 53. c8Q Qd1+ 54. Kf5 1-0

[Event "Cartagena Bolivar Cup"]
[Site "Cartagena"]
[Date "2019.04.26"]
[Round "8"]
[White "Romero Holmes, Alfonso"]
[Black "Martinez Romero, Martin"]
[Result "1-0"]
[WhiteElo "2423"]
[BlackElo "2433"]
[PlyCount "47"]
[EventDate "2019.04.22"]
[EventType "swiss"]
[EventRounds "14"]
[EventCountry "COL"]
[SourceTitle "CBM 190 Extra"]
[Source "ChessBase"]
[SourceDate "2019.07.15"]
[SourceVersion "1"]
[SourceVersionDate "2019.07.15"]
[SourceQuality "1"]

1. d4 Nf6 2. c4 g6 3. Nc3 Bg7 4. e4 d6 5. h3 0-0 6. Nge2 c5 7. d5 b5 8. cxb5 a6 9. Ng3 e6 10. Be2 h5 11. Bg5 axb5 12. Bxb5 Qa5 13. a4 h4 14. Bxh4 exd5 15. 0-0 d4 16. Bxf6 Bxf6 17. Nd5 Bg7 18. Ne7+ Kh7 19. Nxc8 Rxc8 20. Bc4 Ra7 21. f4 Nc6 22. e5 dxe5 23. f5 e4 24. Bxf7 1-0

[Event "Cartagena Bolivar Cup"]
[Site "Cartagena"]
[Date "2019.04.25"]
[Round "7"]
[White "Felgaer, Ruben Alejandro"]
[Black "Romero Holmes, Alfonso"]
[Result "0-1"]
[WhiteElo "2566"]
[BlackElo "2423"]
[PlyCount "106"]
[EventDate "2019.04.22"]
[EventType "swiss"]
[EventRounds "14"]
[EventCountry "COL"]
[SourceTitle "CBM 190 Extra"]
[Source "ChessBase"]
[SourceDate "2019.07.15"]
[SourceVersion "1"]
[SourceVersionDate "2019.07.15"]
[SourceQuality "1"]

1. e4 c6 2. d4 d5 3. e5 Bf5 4. Be3 e6 5. Nd2 Nd7 6. f4 Ne7 7. Be2 Nc8 8. c3 Ncb6 9. Ngf3 a6 10. 0-0 Bg6 11. a4 Be7 12. a5 Nc8 13. g4 f6 14. Qe1 fxe5 15. dxe5 c5 16. Qg3 Na7 17. f5 Bf7 18. c4 d4 19. Bf4 g5 20. fxg6 Bxg6 21. h4 Rg8 22. Ng5 Bxg5 23. Bxg5 Qc7 24. Bf3 Nc6 25. Rae1 h6 26. Bxh6 0-0-0 27. Bg2 Nxa5 28. Bg5 Rde8 29. Bf4 Qb6 30. b3 Re7 31. Bg5 Rh7 32. Ne4 Qxb3 33. Nd6+ Kc7 34. Qxb3 Nxb3 35. Nxb7 Bd3 36. Rf2 Bxc4 37. Rb2 Rb8 38. Nd6 Bd3 39. Ne8+ Rxe8 40. Rxb3 Bb5 41. Rc1 Kb6 42. Re1 c4 43. Rg3 Nc5 44. h5 c3 45. Rc1 a5 46. h6 a4 47. Rgxc3 dxc3 48. Rxc3 Nd3 49. Be4 Rd7 50. Bf6 Rd4 51. Bf3 Ne1 52. h7 Rd3 53. Rxd3 Bxd3 0-1

[Event "Cartagena Bolivar Cup"]
[Site "Cartagena"]
[Date "2019.04.24"]
[Round "5"]
[White "Franco Valencia, Beatriz Irene"]
[Black "Romero Holmes, Alfonso"]
[Result "0-1"]
[WhiteElo "2159"]
[BlackElo "2423"]
[PlyCount "54"]
[EventDate "2019.04.22"]
[EventType "swiss"]
[EventRounds "14"]
[EventCountry "COL"]
[SourceTitle "CBM 190 Extra"]
[Source "ChessBase"]
[SourceDate "2019.07.15"]
[SourceVersion "1"]
[SourceVersionDate "2019.07.15"]
[SourceQuality "1"]

1. d4 g6 2. c4 Bg7 3. Nf3 d6 4. g3 Bg4 5. Bg2 Qc8 6. h3 Bd7 7. Qc2 c5 8. d5 Na6 9. a3 Nc7 10. Nc3 Rb8 11. h4 Nf6 12. 0-0 b5 13. cxb5 Ncxd5 14. Nxd5 Nxd5 15. Rd1 Nc7 16. a4 a6 17. Bg5 axb5 18. axb5 Nxb5 19. Rac1 h6 20. Bd2 Bf5 21. e4 Bg4 22. b4 Bxf3 23. Bxf3 Nd4 24. Qd3 0-0 25. Rc4 Nc6 26. Rc2 Nxb4 27. Bxb4 Rxb4 0-1

[Event "Cartagena Bolivar Cup"]
[Site "Cartagena"]
[Date "2019.04.22"]
[Round "8.3"]
[White "Albornoz Cabrera, Carlos Daniel"]
[Black "Romero Holmes, Alfonso"]
[Result "0-1"]
[WhiteElo "2397"]
[BlackElo "2423"]
[PlyCount "86"]
[EventDate "2019.04.22"]
[EventType "swiss"]
[EventRounds "14"]
[EventCountry "COL"]
[SourceTitle "EXT 2024"]
[Source "ChessBase"]
[SourceDate "2023.10.10"]
[SourceVersion "1"]
[SourceVersionDate "2023.10.10"]
[SourceQuality "1"]

1. e4 c5 2. Nf3 d6 3. d4 cxd4 4. Nxd4 Nf6 5. Nc3 Nc6 6. Bg5 Qa5 7. Bxf6 gxf6 8. Qd2 Bd7 9. 0-0-0 Rc8 10. Nb3 Qh5 11. Kb1 f5 12. exf5 Bxf5 13. Bd3 Bg7 14. Bxf5 Qxf5 15. Nd5 0-0 16. g4 Qe5 17. c3 e6 18. Ne3 d5 19. Nc5 d4 20. cxd4 Nxd4 21. Nd3 Qe4 22. Ka1 Rfd8 23. Qb4 a5 24. Qb6 Qc6 25. Qxc6 Rxc6 26. Kb1 Nf3 27. Nf4 Nd2+ 28. Ka1 Rcd6 29. Nfd5 Ne4 30. Nb6 Bxb2+ 31. Kxb2 Rxb6+ 32. Ka1 Rxd1+ 33. Rxd1 Nxf2 34. Nc4 Nxd1 35. Nxb6 Ne3 36. h3 f5 37. gxf5 exf5 38. Nd7 Kf7 39. Kb2 f4 40. Kc3 Ke6 41. Nc5+ Kd5 42. Nxb7 f3 43. Kd3 f2 0-1

[Event "Catalunya-chT Gp1"]
[Site "Barcelona"]
[Date "2018.01.27"]
[Round "2.4"]
[White "Banos, Oscar Francisco"]
[Black "Romero Holmes, Alfonso"]
[Result "0-1"]
[WhiteElo "2210"]
[BlackElo "2445"]
[PlyCount "68"]
[EventDate "2018.01.20"]
[EventType "team-tourn"]
[EventRounds "7"]
[EventCountry "ESP"]
[SourceTitle "CBM 182 Extra"]
[Source "ChessBase"]
[SourceDate "2018.02.23"]
[SourceVersion "1"]
[SourceVersionDate "2018.02.23"]
[SourceQuality "1"]
[WhiteTeam "Figueres"]
[BlackTeam "Colon Sabadell"]
[WhiteTeamCountry "ESP"]
[BlackTeamCountry "ESP"]

1. d4 d6 2. Nf3 Bg4 3. e4 Nc6 4. Bb5 a6 5. Bxc6+ bxc6 6. 0-0 e6 7. Qd3 Ne7 8. Re1 h6 9. Nbd2 g5 10. Nf1 Bg7 11. c3 Bh5 12. Ng3 Bg6 13. h4 f6 14. Qc4 Bf7 15. e5 gxh4 16. exf6 Bxf6 17. Nf1 Qd7 18. N1h2 Rg8 19. Qe2 h5 20. Kh1 Nf5 21. Ng1 Kf8 22. Bf4 c5 23. Qf3 Rb8 24. dxc5 e5 25. Bc1 Rg3 26. Qd1 Qc6 27. Nhf3 Rg4 28. Qd3 Bg6 29. Qf1 Qxc5 30. Nh3 Qc6 31. Nfg5 Bxg5 32. Nxg5 Bf7 33. Nxf7 h3 34. Kh2 Rxg2+ 0-1

[Event "San Sebastian Gros op 27th"]
[Site "San Sebastian"]
[Date "2017.06.27"]
[Round "6"]
[White "Romero Holmes, Alfonso"]
[Black "Munoz Avila, Jose Luis"]
[Result "1-0"]
[WhiteElo "2438"]
[BlackElo "2176"]
[PlyCount "64"]
[EventDate "2017.06.23"]
[EventType "swiss"]
[EventRounds "9"]
[EventCountry "ESP"]
[SourceTitle "CBM 179 Extra"]
[Source "ChessBase"]
[SourceDate "2017.08.23"]
[SourceVersion "1"]
[SourceVersionDate "2017.08.23"]
[SourceQuality "1"]

1. e4 e5 2. Nf3 d6 3. d4 exd4 4. Qxd4 Nc6 5. Bb5 Nge7 6. Qc3 a6 7. Ba4 Bd7 8. 0-0 h6 9. Nbd2 Ng6 10. Bxc6 bxc6 11. Nd4 Qf6 12. f4 c5 13. Ne2 Qxc3 14. Nxc3 f5 15. b3 fxe4 16. Ndxe4 Be7 17. f5 Ne5 18. Nd5 Bd8 19. f6 gxf6 20. Nexf6+ Bxf6 21. Nxf6+ Kd8 22. Bb2 Ng6 23. Nxd7 Kxd7 24. Bxh8 Rxh8 25. Rf7+ Kc6 26. Raf1 Ne5 27. Rg7 a5 28. Rf4 Re8 29. h3 Re6 30. Kf2 h5 31. Rf8 Rh6 32. Rgg8 Kd5 1-0

[Event "San Sebastian Gros op 27th"]
[Site "San Sebastian"]
[Date "2017.06.25"]
[Round "3"]
[White "Prieto Aranguren, Alain"]
[Black "Romero Holmes, Alfonso"]
[Result "1/2-1/2"]
[WhiteElo "2266"]
[BlackElo "2438"]
[PlyCount "53"]
[EventDate "2017.06.23"]
[EventType "swiss"]
[EventRounds "9"]
[EventCountry "ESP"]
[SourceTitle "CBM 179 Extra"]
[Source "ChessBase"]
[SourceDate "2017.08.23"]
[SourceVersion "1"]
[SourceVersionDate "2017.08.23"]
[SourceQuality "1"]

1. d4 Nf6 2. c4 d6 3. Nf3 Bg4 4. Nbd2 g6 5. h3 Bf5 6. Ng5 h6 7. g4 hxg5 8. gxf5 gxf5 9. Qb3 Qc8 10. Bg2 c6 11. Nf1 Rg8 12. Ng3 f4 13. Ne4 Nxe4 14. Bxe4 Nd7 15. h4 Nf6 16. Bc2 Bh6 17. hxg5 Bxg5 18. Bd2 d5 19. cxd5 Nxd5 20. Be4 Qd7 21. Rh7 e6 22. Bxd5 cxd5 23. 0-0-0 Qc7+ 24. Kb1 Qb6 25. Qa4+ Ke7 26. Qa3+ Ke8 27. Qa4+ 1/2-1/2

[Event "San Sebastian Gros op 27th"]
[Site "San Sebastian"]
[Date "2017.06.24"]
[Round "2"]
[White "Romero Holmes, Alfonso"]
[Black "Martinez Fernandez, Adrian"]
[Result "1-0"]
[WhiteElo "2438"]
[BlackElo "2111"]
[PlyCount "73"]
[EventDate "2017.06.23"]
[EventType "swiss"]
[EventRounds "9"]
[EventCountry "ESP"]
[SourceTitle "CBM 179 Extra"]
[Source "ChessBase"]
[SourceDate "2017.08.23"]
[SourceVersion "1"]
[SourceVersionDate "2017.08.23"]
[SourceQuality "1"]

1. c4 c5 2. Nf3 g6 3. d4 cxd4 4. Nxd4 Bg7 5. Nc2 Nc6 6. e4 Nf6 7. Nc3 0-0 8. Be2 b6 9. Bg5 Bb7 10. Qd2 d6 11. 0-0 Qb8 12. f3 Rd8 13. Nd5 Rd7 14. Nxf6+ exf6 15. Bh6 Bxh6 16. Qxh6 Qe8 17. Ne3 Nd4 18. Bd3 Ne6 19. Ng4 Qe7 20. Rae1 Nc5 21. Bc2 Rdd8 22. f4 Nd7 23. Ba4 Bc8 24. Bc6 Rb8 25. Re3 Nf8 26. f5 b5 27. Bd5 Kh8 28. c5 Nd7 29. c6 Nf8 30. b4 Re8 31. fxg6 Bxg4 32. g7+ Kg8 33. gxf8Q+ Qxf8 34. Qxf6 h5 35. Bxf7+ Kh7 36. Qg6+ Kh8 37. Bxe8 1-0

[Event "Arrecife de Lanzarote op"]
[Site "Arrecife de Lanzarote"]
[Date "2017.06.13"]
[Round "5"]
[White "Pakleza, Zbigniew"]
[Black "Romero Holmes, Alfonso"]
[Result "1-0"]
[WhiteElo "2486"]
[BlackElo "2438"]
[PlyCount "75"]
[EventDate "2017.06.11"]
[EventType "swiss"]
[EventRounds "9"]
[EventCountry "ESP"]
[SourceTitle "EXT 2018"]
[Source "ChessBase"]
[SourceDate "2017.10.13"]
[SourceVersion "1"]
[SourceVersionDate "2017.10.13"]
[SourceQuality "1"]

1. d4 e6 2. c4 b6 3. Nf3 Bb7 4. g3 Bb4+ 5. Bd2 Bxf3 6. exf3 Bxd2+ 7. Qxd2 Ne7 8. d5 Nf5 9. Bg2 c6 10. 0-0 0-0 11. Nc3 exd5 12. Bh3 Qf6 13. Qf4 Nd4 14. Qxf6 gxf6 15. cxd5 Nxf3+ 16. Kg2 Nd4 17. Rad1 c5 18. Rfe1 f5 19. Ne2 Nxe2 20. Rxe2 f4 21. Re4 fxg3 22. hxg3 h6 23. Rde1 a6 24. Rh4 Kg7 25. Ree4 Rh8 26. Ref4 h5 27. g4 Ra7 28. gxh5 d6 29. Rhg4+ Kf8 30. Rg6 Rxh5 31. Rxd6 Rb7 32. Bc8 Rc7 33. Bg4 Rh8 34. Rxb6 Kg7 35. Bh3 Rd8 36. Rg4+ Kf8 37. Rg3 Re7 38. Rh6 1-0

[Event "Arrecife de Lanzarote op"]
[Site "Arrecife de Lanzarote"]
[Date "2017.06.12"]
[Round "3"]
[White "Romero Holmes, Alfonso"]
[Black "Perez Pacheco, Ricardo"]
[Result "1-0"]
[WhiteElo "2438"]
[BlackElo "2210"]
[PlyCount "67"]
[EventDate "2017.06.11"]
[EventType "swiss"]
[EventRounds "9"]
[EventCountry "ESP"]
[SourceTitle "EXT 2018"]
[Source "ChessBase"]
[SourceDate "2017.10.13"]
[SourceVersion "1"]
[SourceVersionDate "2017.10.13"]
[SourceQuality "1"]

1. e4 c5 2. Nf3 Nc6 3. d4 cxd4 4. Nxd4 Nf6 5. Nc3 d6 6. h3 g6 7. Be3 Bg7 8. Bc4 Bd7 9. Bb3 0-0 10. 0-0 Nxd4 11. Bxd4 Bc6 12. Nd5 e5 13. Be3 Nxe4 14. Qe2 Nc5 15. Bxc5 dxc5 16. Rad1 Bxd5 17. Rxd5 Qc7 18. Qb5 Rac8 19. Rd7 Qc6 20. Qxc6 Rxc6 21. Bd5 Rcc8 22. Rxb7 e4 23. b3 Bd4 24. Rxa7 c4 25. Re7 cxb3 26. cxb3 Rfd8 27. Bc4 Bf6 28. Rxe4 Rd2 29. a4 Rcd8 30. a5 Ra2 31. a6 Rd4 32. Rfe1 Rdd2 33. Rf4 Bd4 34. Rxf7 1-0

[Event "Catalunya-chT Gp2"]
[Site "Barcelona"]
[Date "2017.02.25"]
[Round "6.7"]
[White "Alonso Moyano, Jonathan"]
[Black "Romero Holmes, Alfonso"]
[Result "1-0"]
[WhiteElo "2404"]
[BlackElo "2449"]
[PlyCount "50"]
[EventDate "2017.01.21"]
[EventType "team-tourn"]
[EventRounds "7"]
[EventCountry "ESP"]
[SourceTitle "EXT 2018"]
[Source "ChessBase"]
[SourceDate "2017.10.13"]
[SourceVersion "1"]
[SourceVersionDate "2017.10.13"]
[SourceQuality "1"]
[WhiteTeam "Barbera"]
[BlackTeam "Colon Sabadell"]
[WhiteTeamCountry "ESP"]
[BlackTeamCountry "ESP"]

1. e4 c6 2. d4 d5 3. e5 c5 4. dxc5 Nc6 5. Bb5 e6 6. Nf3 Bxc5 7. 0-0 Nge7 8. Nbd2 Bd7 9. Nb3 Bb6 10. Bd3 Nb4 11. Re1 Nxd3 12. Qxd3 Nf5 13. Nbd4 Nxd4 14. Nxd4 0-0 15. Be3 f6 16. Nf3 Bc7 17. Bd4 Qe8 18. Re3 f5 19. Bc5 f4 20. Bxf8 fxe3 21. Bc5 exf2+ 22. Kxf2 Qh5 23. Qd4 b6 24. Ba3 Rc8 25. Rc1 Ra8 1-0

[Event "Catalunya-chT Gp2"]
[Site "Barcelona"]
[Date "2017.02.04"]
[Round "3.7"]
[White "Romero Holmes, Alfonso"]
[Black "Grafl, Florian"]
[Result "0-1"]
[WhiteElo "2449"]
[BlackElo "2384"]
[PlyCount "90"]
[EventDate "2017.01.21"]
[EventType "team-tourn"]
[EventRounds "7"]
[EventCountry "ESP"]
[SourceTitle "CBM 176 Extra"]
[Source "ChessBase"]
[SourceDate "2017.03.02"]
[SourceVersion "1"]
[SourceVersionDate "2017.03.02"]
[SourceQuality "1"]
[WhiteTeam "Colon Sabadell"]
[BlackTeam "Barcelona Escola Escacs"]
[WhiteTeamCountry "ESP"]
[BlackTeamCountry "ESP"]

1. e4 d6 2. Nc3 Nf6 3. Bc4 e5 4. d3 Nc6 5. a3 Be6 6. Nd5 h6 7. Ne2 Bxd5 8. exd5 Ne7 9. Nc3 g6 10. Bb5+ Nd7 11. d4 a6 12. Be2 Nf5 13. dxe5 dxe5 14. g3 Bg7 15. h4 Nd6 16. Be3 f5 17. f3 Qf6 18. Qd2 Nb6 19. 0-0-0 Nbc4 20. Bxc4 Nxc4 21. Qe2 Nxe3 22. Qxe3 0-0 23. d6 cxd6 24. Nd5 Qf7 25. g4 fxg4 26. fxg4 Qf3 27. Ne7+ Kh7 28. Qxf3 Rxf3 29. Rxd6 e4 30. Re1 Rf4 31. h5 gxh5 32. gxh5 Re8 33. Nd5 Rf7 34. c4 Re5 35. Nc3 Rxh5 36. Nxe4 Rh2 37. b4 Rg2 38. Rd2 Rg4 39. c5 h5 40. Nd6 Rf3 41. Re7 h4 42. Rxb7 h3 43. c6 Rc3+ 44. Kb1 Rg1+ 45. Ka2 Rg2 0-1

[Event "Pontevedra Toxa op"]
[Site "Pontevedra"]
[Date "2016.10.02"]
[Round "9"]
[White "Romero Holmes, Alfonso"]
[Black "Greenfeld, Alon"]
[Result "1/2-1/2"]
[WhiteElo "2450"]
[BlackElo "2569"]
[PlyCount "73"]
[EventDate "2016.09.24"]
[EventType "swiss"]
[EventRounds "9"]
[EventCountry "ESP"]
[SourceTitle "CBM 174 Extra"]
[Source "ChessBase"]
[SourceDate "2016.10.10"]
[SourceVersion "1"]
[SourceVersionDate "2016.10.10"]
[SourceQuality "1"]

1. d4 d5 2. Bf4 Nf6 3. e3 Bg4 4. f3 Bd7 5. Nd2 g6 6. Bd3 Nc6 7. g4 Bg7 8. c3 0-0 9. Qb3 Qe8 10. Be5 Kh8 11. 0-0-0 Nxe5 12. dxe5 Ba4 13. exf6 exf6 14. Qb4 Bxd1 15. Kxd1 f5 16. Qf4 Be5 17. Qh6 fxg4 18. fxg4 Qa4+ 19. Kc1 Qxg4 20. Ngf3 Bg7 21. Qf4 Qxf4 22. exf4 Bh6 23. f5 Rae8 24. Kc2 c5 25. b3 Re3 26. Rf1 Rd8 27. Ne1 gxf5 28. Ndf3 Rg8 29. Nh4 Rh3 30. Nef3 Rg4 31. Nxf5 Rg2+ 32. Kb1 Bf4 33. Ne1 Rd2 34. Bc2 Rdxh2 35. Rxf4 Rh1 36. Kb2 Rxe1 37. Rf2 1/2-1/2

[Event "Pontevedra Toxa op"]
[Site "Pontevedra"]
[Date "2016.09.28"]
[Round "5"]
[White "Romero Holmes, Alfonso"]
[Black "Lorenzo Duran, Marcos"]
[Result "1-0"]
[WhiteElo "2450"]
[BlackElo "2134"]
[PlyCount "82"]
[EventDate "2016.09.24"]
[EventType "swiss"]
[EventRounds "9"]
[EventCountry "ESP"]
[SourceTitle "CBM 174 Extra"]
[Source "ChessBase"]
[SourceDate "2016.10.10"]
[SourceVersion "1"]
[SourceVersionDate "2016.10.10"]
[SourceQuality "1"]

1. d4 d5 2. Bf4 Nf6 3. e3 e6 4. Nd2 c5 5. c3 Nc6 6. Ngf3 Bd6 7. Bg3 0-0 8. Bd3 b6 9. Qe2 Qc7 10. dxc5 bxc5 11. e4 dxe4 12. Nxe4 Nxe4 13. Bxe4 f5 14. Bxc6 Qxc6 15. Bxd6 Qxd6 16. Ne5 Ba6 17. c4 Rad8 18. Rd1 Qxd1+ 19. Qxd1 Rxd1+ 20. Kxd1 Rd8+ 21. Ke2 Kf8 22. Rd1 Rxd1 23. Kxd1 Ke7 24. b3 Bb7 25. g3 Kd6 26. f4 Bc6 27. Kd2 Be8 28. Ke3 a5 29. a3 g5 30. b4 axb4 31. axb4 cxb4 32. Kd4 h6 33. Ke3 Kc5 34. Nd3+ Kd6 35. Kd4 Bc6 36. c5+ Ke7 37. Ke5 gxf4 38. Nxf4 Bd7 39. Nd3 Bc6 40. Nxb4 Bb7 41. c6 Bc8 1-0

[Event "Pontevedra Toxa op"]
[Site "Pontevedra"]
[Date "2016.09.26"]
[Round "3"]
[White "Romero Holmes, Alfonso"]
[Black "Stella, Andrea"]
[Result "1/2-1/2"]
[WhiteElo "2450"]
[BlackElo "2416"]
[PlyCount "91"]
[EventDate "2016.09.24"]
[EventType "swiss"]
[EventRounds "9"]
[EventCountry "ESP"]
[SourceTitle "CBM 174 Extra"]
[Source "ChessBase"]
[SourceDate "2016.10.10"]
[SourceVersion "1"]
[SourceVersionDate "2016.10.10"]
[SourceQuality "1"]

1. d4 e6 2. c4 Bb4+ 3. Nd2 c5 4. a3 Bxd2+ 5. Qxd2 cxd4 6. Qxd4 Nf6 7. Nf3 Nc6 8. Qh4 d6 9. Bg5 Qa5+ 10. Bd2 Qb6 11. Bc3 e5 12. e4 Ne7 13. Nd2 Ng6 14. Qg3 0-0 15. h3 Be6 16. b3 Nd7 17. Be2 Nf4 18. Bd1 f5 19. 0-0 Rf6 20. exf5 Bxf5 21. Qe3 Rg6 22. Bf3 Bxh3 23. Qxb6 axb6 24. g3 Bxf1 25. Kxf1 Ne6 26. Bxb7 Ra7 27. Bd5 Kf8 28. a4 Ke7 29. b4 Rf6 30. Nb3 Nc7 31. Be4 d5 32. cxd5 Rd6 33. a5 Nxd5 34. Bd2 N7f6 35. Bg2 bxa5 36. bxa5 Kd8 37. Re1 Rb7 38. Nc5 Rb5 39. Na4 Nf4 40. Nc3 Rxa5 41. Ne4 Rxd2 42. Nxd2 Nxg2 43. Kxg2 Ra2 44. Ne4 Kd7 45. Nxf6+ gxf6 46. Rh1 1/2-1/2

[Event "Pontevedra Toxa op"]
[Site "Pontevedra"]
[Date "2016.09.24"]
[Round "1"]
[White "Romero Holmes, Alfonso"]
[Black "Bergman, Thomas"]
[Result "1-0"]
[WhiteElo "2450"]
[BlackElo "1865"]
[PlyCount "65"]
[EventDate "2016.09.24"]
[EventType "swiss"]
[EventRounds "9"]
[EventCountry "ESP"]
[SourceTitle "CBM 174 Extra"]
[Source "ChessBase"]
[SourceDate "2016.10.10"]
[SourceVersion "1"]
[SourceVersionDate "2016.10.10"]
[SourceQuality "1"]

1. e4 d5 2. exd5 Qxd5 3. Nc3 Qd6 4. d4 c6 5. Ne4 Qd5 6. Nf3 Nf6 7. Be2 e6 8. Ng3 Be7 9. 0-0 0-0 10. c4 Qd8 11. Be3 Nbd7 12. Ne5 c5 13. Nxd7 Nxd7 14. Bf3 cxd4 15. Bxd4 Bf6 16. Ne4 Bxd4 17. Qxd4 Qe7 18. Rfd1 e5 19. Qd6 Qxd6 20. Nxd6 Nf6 21. c5 Rb8 22. h3 Ne8 23. Nc4 f6 24. Na5 Nc7 25. Rac1 f5 26. c6 b6 27. Nb7 e4 28. Be2 Be6 29. Bc4 Rfc8 30. Nd6 Rd8 31. Bxe6+ Nxe6 32. c7 Nxc7 33. Rxc7 1-0

[Event "Catalunya-chT Gp1 final"]
[Site "Barcelona"]
[Date "2016.04.02"]
[Round "2.1"]
[White "Romero Holmes, Alfonso"]
[Black "Torrecillas Martinez, Antonio"]
[Result "1-0"]
[WhiteElo "2437"]
[BlackElo "2369"]
[PlyCount "85"]
[EventDate "2016.03.12"]
[EventType "team-tourn"]
[EventRounds "4"]
[EventCountry "ESP"]
[SourceTitle "EXT 2017"]
[Source "ChessBase"]
[SourceDate "2016.10.25"]
[SourceVersion "1"]
[SourceVersionDate "2016.10.25"]
[SourceQuality "1"]
[WhiteTeam "Colon Sabadell"]
[BlackTeam "Foment Martinenc"]
[WhiteTeamCountry "ESP"]
[BlackTeamCountry "ESP"]

1. e4 e6 2. d4 d5 3. Nd2 Nc6 4. Ngf3 Nf6 5. e5 Nd7 6. Nb3 f6 7. Bb5 Be7 8. exf6 Bxf6 9. Bxc6 bxc6 10. Na5 Nb8 11. 0-0 0-0 12. Be3 c5 13. Qd2 Nd7 14. c3 c4 15. b4 Nb6 16. Bf4 Qd7 17. Ne5 Qe8 18. Rfe1 h6 19. Ng4 Bd8 20. f3 Rb8 21. Re2 Bd7 22. Rae1 a6 23. Ne5 Bc8 24. Nec6 Ra8 25. Nxd8 Qxd8 26. Be5 Qd7 27. h4 Ra7 28. Qe3 Qe8 29. Kf2 Bd7 30. Rh1 Nc8 31. Ke1 Ne7 32. h5 Nf5 33. Qf4 Nd6 34. Qg4 Nf5 35. Rh3 Bc8 36. Qf4 Nd6 37. Qh2 Qd7 38. Rg3 Rf7 39. Rg6 Nf5 40. g4 Ne7 41. g5 Nxg6 42. hxg6 Rxf3 43. gxh6 1-0